• 首页
  • 本馆介绍
  • 公告通知
  • 最新文献
  • 馆藏检索
  • 电子资源
  • 读者导购
  • 参考咨询
  • 我的图书馆
  • 登录
  • 详细信息显示
  • 放入我的书架
  • 预约/预借图书
  • 作者相关作品
  • 分类相关作品
  • 丛书相关作品
  • 出版社相关作品

书目信息

  • 表格格式
  • 工作单格式
  • 卡片格式
题名:
哥德对话录
    
 
作者: 爱克尔曼 , Eckermann 著 ;周学普 译
分册:  
出版信息: 上海   上海教育出版社  2000
页数: 15,337页
开本: 20cm
丛书名:
单 册:
中图分类: I516.6
科图分类:
主题词:
电子资源:
ISBN: 7-5320-6044-6
000 01165nam0 2200289 45
001 012000029844
005 20031219104122.6
010    @a7-5320-6044-6@dCNY20.00
100    @a20000709d2000 em y0chiy0121 ea
101 1  @achi@cger
102    @aCN@b310000
105    @af z 001yd
106    @ar
200 1  @a哥德对话录@Age de dui hua lu@f(德)J.P.爱克尔曼(Johann Peter Eckermann)著@F(De)J.P.Ai Ke Er Man(Johann Peter Eckermann)Zhu@g周学普译
210    @a上海@c上海教育出版社@d2000
215    @a15,337页@c照片@d20cm
314    @a约翰·彼得·爱克尔曼(Johann Peter Eckermann,1792~1854),生于汉堡东南的留纳堡的小邑文森,著有《文学论,尤其是关于哥德》、《哥德对话录》等。
314    @a周学普(1900~),生于浙江省嵊县,先后任教于浙江大学、山东大学、台湾大学,译有《铁手骑士葛兹》、《浮士德》、《少年维特的烦恼》等十余种。
510 1  @aGesprach mit Goethe@zger
600  1 @a歌德@bJ.W.V.@x语录
600  1 @a歌德@bJ.W.V.@x生平事迹
690    @aI516.6@v4
701  1 @a爱克尔曼@Aai ke er man@bJ.P.@4著
701 A1 @aEckermann@bJohann peter@4著
702  0 @a周学普@Azhou xue pu@4译
801    @aCN@bTSTC@c20031209
905    @b329863-865@dI516.6@e13-2@f3
    
    哥德对话录/(德)J.P.爱克尔曼(Johann Peter Eckermann)著/周学普译.-上海:上海教育出版社,2000
    15,337页:照片;20cm
    
    
    ISBN 7-5320-6044-6:CNY20.00
    
●
相关链接 在E读中查询图书 在五车中查询图书 在当当中查询图书 在豆瓣中查询图书


正题名:哥德对话录     索取号:I516.6/13-2         预约/预借

序号 登录号 条形码 馆藏地/架位号 状态 备注
1 0329863   203298635   第二借阅区/ [索取号:I516.6/13-2] 在馆    
2 0329864   203298644   第二借阅区/ [索取号:I516.6/13-2] 在馆    
3 0329865   203298653   第一样本阅览室/ [索取号:I516.6/13-2] 在馆    
唐山师范学院图书馆 欢迎您!
大连网信软件有限公司© 版权所有